00455nam a2200181Ia 4500008004100000020001800041245001900059245006200078260001500140260001600155260000900171300001400180300002500194300001000219440001800229500000700247999001900254170705s9999 xx 000 0 und d a9780439451666 aPizza party! / cby Grace Maccarone ; illustrated by Emily Arnold McCully. aNew York : bScholastic, c1994 aunpaged : bcolor illustration ; c23cm. aHello reader! aBR c336877d336877